<?xml version="1.0" encoding="UTF-8"?>
<record
    xmlns:xsi="http://www.w3.org/2001/XMLSchema-instance"
    xsi:schemaLocation="http://www.loc.gov/MARC21/slim http://www.loc.gov/standards/marcxml/schema/MARC21slim.xsd"
    xmlns="http://www.loc.gov/MARC21/slim">

  <leader>00691nam a22001577a 4500</leader>
  <controlfield tag="003">OSt</controlfield>
  <controlfield tag="005">20161123103843.0</controlfield>
  <controlfield tag="008">161123b        xxu||||| |||| 00| 0 eng d</controlfield>
  <datafield tag="040" ind1=" " ind2=" ">
    <subfield code="c">RUA</subfield>
  </datafield>
  <datafield tag="082" ind1=" " ind2=" ">
    <subfield code="a">VEM BAK 2015 B533 Or.1</subfield>
  </datafield>
  <datafield tag="100" ind1=" " ind2=" ">
    <subfield code="9">11306</subfield>
    <subfield code="a">BAK KEMSREAV; &#x1794;&#x17B6;&#x1780;&#x17CB; &#x1782;&#x17B8;&#x1798;&#x179F;&#x17D2;&#x179A;&#x17C0;&#x179C;</subfield>
  </datafield>
  <datafield tag="245" ind1=" " ind2=" ">
    <subfield code="a">The observation on swine infectionus disease at batheay district, kampong cham provice; &#x1780;&#x17B6;&#x179A;&#x17A2;&#x1784;&#x17D2;&#x1780;&#x17C1;&#x178F;&#x179B;&#x17BE;&#x1787;&#x17C6;&#x1784;&#x17BA;&#x1786;&#x17D2;&#x179B;&#x1784;&#x178A;&#x17C2;&#x179B;&#x1780;&#x17BE;&#x178F;&#x1798;&#x17B6;&#x1793;&#x17A1;&#x17BE;&#x1784;&#x1785;&#x17C6;&#x1796;&#x17C4;&#x17C7;&#x1787;&#x17D2;&#x179A;&#x17BC;&#x1780;&#x1793;&#x17C5;&#x179F;&#x17D2;&#x179A;&#x17BB;&#x1780;&#x1794;&#x17B6;&#x1792;&#x17B6;&#x1799; &#x1781;&#x17C1;&#x178F;&#x17D2;&#x178F;&#x1780;&#x17C6;&#x1796;&#x1784;&#x17CB;&#x1785;&#x17B6;&#x1798;</subfield>
  </datafield>
  <datafield tag="260" ind1=" " ind2=" ">
    <subfield code="a">PHNOM PENH</subfield>
    <subfield code="b">BAK</subfield>
    <subfield code="c">2015</subfield>
  </datafield>
  <datafield tag="300" ind1=" " ind2=" ">
    <subfield code="a">ix;48p.</subfield>
    <subfield code="b">ill.</subfield>
    <subfield code="c">29cm.</subfield>
  </datafield>
  <datafield tag="942" ind1=" " ind2=" ">
    <subfield code="2">ddc</subfield>
    <subfield code="c">VEM</subfield>
  </datafield>
  <datafield tag="999" ind1=" " ind2=" ">
    <subfield code="c">10872</subfield>
    <subfield code="d">10872</subfield>
  </datafield>
  <datafield tag="952" ind1=" " ind2=" ">
    <subfield code="0">0</subfield>
    <subfield code="1">0</subfield>
    <subfield code="2">ddc</subfield>
    <subfield code="4">0</subfield>
    <subfield code="6">VEM_BAK_2015_000000000000000_B533_OR_1</subfield>
    <subfield code="7">0</subfield>
    <subfield code="9">57097</subfield>
    <subfield code="a">LBB</subfield>
    <subfield code="b">LBB</subfield>
    <subfield code="c">B533</subfield>
    <subfield code="d">2016-11-23</subfield>
    <subfield code="o">VEM BAK 2015 B533 Or.1</subfield>
    <subfield code="p">A03297</subfield>
    <subfield code="r">2016-11-23</subfield>
    <subfield code="w">2016-11-23</subfield>
    <subfield code="y">VEM</subfield>
  </datafield>
  <datafield tag="952" ind1=" " ind2=" ">
    <subfield code="0">0</subfield>
    <subfield code="1">0</subfield>
    <subfield code="2">ddc</subfield>
    <subfield code="4">0</subfield>
    <subfield code="6">VEM_BAK_2015_000000000000000_B533_OR_2</subfield>
    <subfield code="7">0</subfield>
    <subfield code="9">57098</subfield>
    <subfield code="a">LBB</subfield>
    <subfield code="b">LBB</subfield>
    <subfield code="c">B533</subfield>
    <subfield code="d">2016-11-23</subfield>
    <subfield code="o">VEM BAK 2015 B533 Or.2</subfield>
    <subfield code="p">A04150</subfield>
    <subfield code="r">2016-11-23</subfield>
    <subfield code="w">2016-11-23</subfield>
    <subfield code="y">VEM</subfield>
  </datafield>
  <datafield tag="952" ind1=" " ind2=" ">
    <subfield code="0">0</subfield>
    <subfield code="1">0</subfield>
    <subfield code="2">ddc</subfield>
    <subfield code="4">0</subfield>
    <subfield code="6">VEM_BAK_2015_000000000000000_B533_OR_3</subfield>
    <subfield code="7">0</subfield>
    <subfield code="9">57099</subfield>
    <subfield code="a">LBB</subfield>
    <subfield code="b">LBB</subfield>
    <subfield code="c">B533</subfield>
    <subfield code="d">2016-11-23</subfield>
    <subfield code="o">VEM BAK 2015 B533 Or.3</subfield>
    <subfield code="p">A04075</subfield>
    <subfield code="r">2016-11-23</subfield>
    <subfield code="w">2016-11-23</subfield>
    <subfield code="y">VEM</subfield>
  </datafield>
  <datafield tag="952" ind1=" " ind2=" ">
    <subfield code="0">0</subfield>
    <subfield code="1">0</subfield>
    <subfield code="2">ddc</subfield>
    <subfield code="4">0</subfield>
    <subfield code="6">VEM_BAK_2015_000000000000000_B533_OR_4</subfield>
    <subfield code="7">0</subfield>
    <subfield code="9">57100</subfield>
    <subfield code="a">LBB</subfield>
    <subfield code="b">LBB</subfield>
    <subfield code="c">B533</subfield>
    <subfield code="d">2016-11-23</subfield>
    <subfield code="o">VEM BAK 2015 B533 Or.4</subfield>
    <subfield code="p">A03973</subfield>
    <subfield code="r">2016-11-23</subfield>
    <subfield code="w">2016-11-23</subfield>
    <subfield code="y">VEM</subfield>
  </datafield>
  <datafield tag="952" ind1=" " ind2=" ">
    <subfield code="0">0</subfield>
    <subfield code="1">0</subfield>
    <subfield code="2">ddc</subfield>
    <subfield code="4">0</subfield>
    <subfield code="6">VEM_BAK_2015_000000000000000_B533_OR_5</subfield>
    <subfield code="7">0</subfield>
    <subfield code="9">57101</subfield>
    <subfield code="a">LBB</subfield>
    <subfield code="b">LBB</subfield>
    <subfield code="c">B533</subfield>
    <subfield code="d">2016-11-23</subfield>
    <subfield code="o">VEM BAK 2015 B533 Or.5</subfield>
    <subfield code="p">A03304</subfield>
    <subfield code="r">2016-11-23</subfield>
    <subfield code="w">2016-11-23</subfield>
    <subfield code="y">VEM</subfield>
  </datafield>
  <datafield tag="952" ind1=" " ind2=" ">
    <subfield code="0">0</subfield>
    <subfield code="1">0</subfield>
    <subfield code="2">ddc</subfield>
    <subfield code="4">0</subfield>
    <subfield code="6">VEM_BAK_2015_000000000000000_B533_OR_6</subfield>
    <subfield code="7">0</subfield>
    <subfield code="9">57102</subfield>
    <subfield code="a">LBB</subfield>
    <subfield code="b">LBB</subfield>
    <subfield code="c">B533</subfield>
    <subfield code="d">2016-11-23</subfield>
    <subfield code="o">VEM BAK 2015 B533 Or.6</subfield>
    <subfield code="p">A04261</subfield>
    <subfield code="r">2016-11-23</subfield>
    <subfield code="w">2016-11-23</subfield>
    <subfield code="y">VEM</subfield>
  </datafield>
  <datafield tag="952" ind1=" " ind2=" ">
    <subfield code="0">0</subfield>
    <subfield code="1">0</subfield>
    <subfield code="2">ddc</subfield>
    <subfield code="4">0</subfield>
    <subfield code="6">VEM_BAK_2015_000000000000000_B533_OR_7</subfield>
    <subfield code="7">0</subfield>
    <subfield code="9">57103</subfield>
    <subfield code="a">LBB</subfield>
    <subfield code="b">LBB</subfield>
    <subfield code="c">B533</subfield>
    <subfield code="d">2016-11-23</subfield>
    <subfield code="o">VEM BAK 2015 B533 Or.7</subfield>
    <subfield code="p">A04145</subfield>
    <subfield code="r">2016-11-23</subfield>
    <subfield code="w">2016-11-23</subfield>
    <subfield code="y">VEM</subfield>
  </datafield>
  <datafield tag="952" ind1=" " ind2=" ">
    <subfield code="0">0</subfield>
    <subfield code="1">0</subfield>
    <subfield code="2">ddc</subfield>
    <subfield code="4">0</subfield>
    <subfield code="6">VEM_BAK_2015_000000000000000_B533_OR_8</subfield>
    <subfield code="7">0</subfield>
    <subfield code="9">57104</subfield>
    <subfield code="a">LBB</subfield>
    <subfield code="b">LBB</subfield>
    <subfield code="c">B533</subfield>
    <subfield code="d">2016-11-23</subfield>
    <subfield code="o">VEM BAK 2015 B533 Or.8</subfield>
    <subfield code="p">A04070</subfield>
    <subfield code="r">2016-11-23</subfield>
    <subfield code="w">2016-11-23</subfield>
    <subfield code="y">VEM</subfield>
  </datafield>
</record>
